SCIENCE-BASED REHABILITATION THEORIES INTO PRACTICE (Record no. 14637)

MARC details
000 -LEADER
fixed length control field 00450nam a22001697a 4500
003 - CONTROL NUMBER IDENTIFIER
control field OSt
005 - DATE AND TIME OF LATEST TRANSACTION
control field 20211025110249.0
008 - FIXED-LENGTH DATA ELEMENTS--GENERAL INFORMATION
fixed length control field 211025b |||||||| |||| 00| 0 eng d
020 ## - INTERNATIONAL STANDARD BOOK NUMBER
International Standard Book Number 0-7506-5564-x
040 ## - CATALOGING SOURCE
Original cataloging agency ddc
Transcribing agency HU
082 ## - DEWEY DECIMAL CLASSIFICATION NUMBER
Edition number 1ST
Classification number 613.7
Item number 1
100 ## - MAIN ENTRY--PERSONAL NAME
Personal name REFSHAUGE KATHRYN
9 (RLIN) 15276
245 ## - TITLE STATEMENT
Title SCIENCE-BASED REHABILITATION THEORIES INTO PRACTICE
250 ## - EDITION STATEMENT
Edition statement 1ST
260 ## - PUBLICATION, DISTRIBUTION, ETC.
Place of publication, distribution, etc. EDINBURGH
Name of publisher, distributor, etc. BUTTERWORTH HELNMANN
Date of publication, distribution, etc. 2005
942 ## - ADDED ENTRY ELEMENTS (KOHA)
Source of classification or shelving scheme Dewey Decimal Classification
Koha item type Books like text book referance book
Suppress in OPAC No
Holdings
Withdrawn status Lost status Source of classification or shelving scheme Damaged status Not for loan Home library Current library Date acquired Total Checkouts Full call number Barcode Date last seen Copy number Price effective from Koha item type
    Dewey Decimal Classification     College of Medicine and Health’s Sciences Library College of Medicine and Health’s Sciences Library 10/25/2021   613.7-2005 CMHSL00003711 10/25/2021 1 10/25/2021 Books like text book referance book